000 01200nam a22002177a 4500
003 OSt
005 20241127154139.0
008 241127b |||||||| |||| 00| 0 eng d
040 _cCentral University Library
245 _aThe All England Law Reports Annotated 1947 Vol. 2
_c Editors: Sir Roland Burrows, K.C.; Harold Christie, K.C.; Cyril King, K.C.; and G. F. L. Bridgman
260 _aLondon, United Kingdom
_bThe Law Journal
_c1947
300 _axxxiv, 892 pages
_c23.5 cm
490 _3Law Reports
500 _aThe All England Law Reports Annotated of Cases decided in The House of Lords, The Privy Council, All Divisions of the Supreme Court and Courts of Special Jurisdiction - 1947 Volume 2.
600 _2Law Reports
_xEngland
700 _aSir Roland Burrows, K.C. (Recorder of Cambridge. Managing Editor of Halsbury's Laws of England, Hailsham Edition)
_eConsulting Editor
700 _aHarold Christie, K.C. (Bencher of Lincoln's Inn)
_eConsulting Editor for Chancery Cases
700 _aCyril King, K.C. (Bencher of Middle Temple)
_eConsulting Editor for Taxation Cases
700 _aG. F. L. Bridgman (of the Middle Temple, Barristers-at-Law)
_eGeneral Editor
942 _2lcc
_cBK
_n0
999 _c1639
_d1639